000 00417nam a2200157Ia 4500
008 230718s9999 xx 000 0 und d
041 _aeng
082 _a005.4'53
_bLOU
100 _aLouden K.C.
245 _aCompiler Construction
_bPrinciples And Practice.
260 _c1998
_bGalgotia Publication
300 _a582
365 _cRs.
_b176.00
700 _aLouden K.C.
906 _dB:456921-Nov-1998
_cCOMP
_b26.4
999 _c297844
_d297844